External finance for low-income countries papers presented at the IMF and World Bank Conference on external financing for low-income countries, december 10-11, 1996
Na minha lista:
| Autor Corporativo: | |
|---|---|
| Outros Autores: | , |
| Formato: | Livro |
| Idioma: | inglês |
| Publicado em: |
Washington, D.C.
IMF
1997
|
| Assuntos: | |
| Tags: |
Sem tags, seja o primeiro a adicionar uma tag!
|
MARC
| LEADER | 00000nam$a2200000$$$4500 | ||
|---|---|---|---|
| 001 | 0011252 | ||
| 005 | 20240104132521.3 | ||
| 020 | |a 1-55775-673-2 | ||
| 041 | 0 | |a eng | |
| 044 | |a US | ||
| 245 | 1 | 0 | |a External finance for low-income countries |b papers presented at the IMF and World Bank Conference on external financing for low-income countries, december 10-11, 1996 |c editors Zubair Iqbal, Ravi Kanbur |
| 264 | 1 | |a Washington, D.C. |b IMF |c 1997 | |
| 300 | |a 235 s. | ||
| 610 | 2 | 0 | |a financie |
| 610 | 2 | 0 | |a zadlženosť |
| 610 | 2 | 0 | |a zadlženosť zahraničná |
| 610 | 2 | 0 | |a dlhy |
| 610 | 2 | 0 | |a krajiny rozvojové |
| 610 | 2 | 0 | |a rast hospodársky |
| 610 | 2 | 0 | |a pohyb kapitálu |
| 610 | 2 | 0 | |a investície |
| 610 | 2 | 0 | |a porovnanie medzinárodné |
| 610 | 2 | 0 | |a porovnanie štatistické medzinárodné |
| 610 | 2 | 0 | |a Afrika |
| 610 | 2 | 0 | |a Svetová banka |
| 610 | 2 | 0 | |a Medzinárodný menový fond |
| 700 | 1 | |a Iqbal, Zubair | |
| 700 | 1 | |a Kanbur, Ravi | |
| 110 | 2 | |a Conference on External Financing for Low-Income Countries | |